Most streamed songs : Duran Duran - Statistics

General Stats
  • This quiz has been taken 72 times
  • The average score is 6 of 10
Answer Stats
Streams Song % Correct
414 500 000 Hungry Like the Wolf
81%
81 500 000 Rio
79%
113 500 000 Girls on Film
68%
67 500 000 The Reflex
68%
341 500 000 Ordinary World
63%
86 000 000 Save a Prayer
58%
45 500 000 Save a Prayer (Single Version)
56%
67 000 000 The Wild Boys
55%
84 500 000 A View to a Kill
48%
193 000 000 Come Undone
42%
No matching quizzes found
Score Distribution
Percent of People with Each Score
Percentile by Number Answered
Your Score History
You have not taken this quiz